000
00257nam a2200109Ia 4500
008
230907s9999||||xx |||||||||||||| ||und||
082
_a
332.60994
_b
BRA
245
0
_a
Investments :
260
_a
Cengage,
_b
Australia :
_c
2011
300
_a
745 p.
942
_c
BK
999
_c
601021
_d
601021